Normal view MARC view
  • Wise, Donald L.

Entry Personal Name

Number of records used in: 4

001 - CONTROL NUMBER

  • control field: 6507

003 - CONTROL NUMBER IDENTIFIER

  • control field: NUST

005 - DATE AND TIME OF LATEST TRANSACTION

  • control field: 20171117114023.0

008 - FIXED-LENGTH DATA ELEMENTS

  • fixed length control field: 171117|| aca||aabn | a|a d

040 ## - CATALOGING SOURCE

  • Original cataloging agency: NUST
  • Transcribing agency: NUST

100 ## - HEADING--PERSONAL NAME

  • Personal name: Wise, Donald L.
  • Fuller form of name: (Donald Lee),
  • Dates associated with a name: 1937-

670 ## - SOURCE DATA FOUND

  • Source citation: Work cat.: (NUST)0: Process engineering for pollution control and waste minimization /, c1994.
© 2023 Central Library, National University of Sciences and Technology. All Rights Reserved.